[Event "O2C Doeberl Cup 2014"]
[Site "Canberra AUS"]
[Date "2014.04.19"]
[Round "6.16"]
[White "Guo, Emma"]
[Black "Zelesco, Karl"]
[Result "1/2-1/2"]
[WhiteTitle "WIM"]
[WhiteElo "2022"]
[BlackElo "2274"]
[WhiteFideId "3200795"]
[BlackFideId "3213390"]
[EventDate "2014.04.17"]

1. c4 Nf6 2. Nf3 g6 3. g3 Bg7 4. Bg2 O-O 5. Nc3 d6 6. d4 Nbd7 7. O-O e5 8. dxe5
dxe5 9. b3 Qe7 10. e4 Nc5 11. Ba3 b6 12. Re1 Bg4 13. h3 Bxf3 14. Qxf3 c6 15.
Rad1 Rfd8 16. Na4 Nfd7 17. h4 Bf8 18. Bh3 Qf6 19. Qxf6 Nxf6 20. Nxc5 Bxc5 21.
Bxc5 bxc5 22. f3 Rd4 23. Rxd4 cxd4 24. c5 Re8 25. Kf2 Re7 26. Ke2 Nh5 27. Rg1
Rb7 28. Kd3 a5 29. Bg4 Nf6 30. Bc8 Rb8 31. Bh3 Kf8 32. f4 Re8 33. Bg2 exf4 34.
gxf4 Rd8 35. e5 Nd5 36. Bxd5 Rxd5 37. Rc1 f6 38. exf6 Kf7 39. a3 Kxf6 40. b4
axb4 41. axb4 Kf5 42. b5 cxb5 43. c6 Rd8 44. c7 Rc8 45. Rc6 Kg4 46. Kxd4 Kxh4
47. Kc5 Kg3 48. Kd6 Kxf4 49. Kd7 Rxc7+ 50. Rxc7 h5 51. Ke6 h4 52. Rh7 g5 53. Kf6
b4 54. Rb7 h3 55. Rxb4+ Kf3 56. Kxg5 h2 57. Rb3+ Kg2 58. Rb2+ Kg1 59. Rxh2 1/2-1/2

[Event "O2C Doeberl Cup 2014"]
[Site "Canberra AUS"]
[Date "2014.04.20"]
[Round "7.2"]
[White "Melkumyan, Hrant"]
[Black "Vajda, Levente"]
[Result "1/2-1/2"]
[WhiteTitle "GM"]
[BlackTitle "GM"]
[WhiteElo "2633"]
[BlackElo "2597"]
[WhiteFideId "13302485"]
[BlackFideId "1203975"]
[EventDate "2014.04.17"]

1. d4 d5 2. c4 e6 3. Nf3 Nf6 4. Nc3 Nbd7 5. Bg5 Bb4 6. cxd5 exd5 7. e3 c5 8.
dxc5 Qa5 9. Rc1 Bxc3+ 10. bxc3 O-O 11. Nd4 Ne4 12. Bf4 Ndxc5 13. f3 Nf6 14. Qd2
Be6 15. Be2 Rfc8 16. O-O Na4 17. Rc2 Nb6 18. Rb1 Qc5 19. Be5 Qe7 20. Bxf6 Qxf6
21. Rb4 Bd7 22. Rc1 Rc7 23. Bd3 Rac8 24. Ne2 Qe5 25. Rd4 Re8 26. Kf2 Rc5 27. Nf4
Ra5 28. Re1 g6 29. Bf1 Rc8 30. Kg1 Be8 31. Rb1 g5 32. Nd3 Qc7 33. h4 Qxc3 34.
Qf2 Qc2 35. Qe1 Qxa2 36. Rb2 Qa3 37. Rbb4 Ra4 38. Qg3 Rxb4 39. Qxg5+ Kf8 40.
Rxb4 Rc4 41. Qh6+ Kg8 42. Qg5+ Kf8 43. Qh6+ Kg8 1/2-1/2

[Event "O2C Doeberl Cup 2014"]
[Site "Canberra AUS"]
[Date "2014.04.20"]
[Round "7.3"]
[White "Van Wely, Loek"]
[Black "Ikeda, Junta"]
[Result "1/2-1/2"]
[WhiteTitle "GM"]
[BlackTitle "FM"]
[WhiteElo "2685"]
[BlackElo "2338"]
[WhiteFideId "1000268"]
[BlackFideId "3204731"]
[EventDate "2014.04.17"]

1. d4 Nf6 2. c4 e6 3. Nf3 b6 4. g3 Ba6 5. Qa4 Bb7 6. Bg2 c5 7. dxc5 bxc5 8. O-O
Be7 9. Nc3 O-O 10. Bf4 Qb6 11. Rfd1 Rd8 12. Rd2 d6 13. Rad1 h6 14. Qb5 Ne8 15.
e4 Bc6 16. Qxb6 axb6 17. e5 d5 18. cxd5 exd5 19. Nxd5 Bxd5 20. Rxd5 Rxd5 21.
Rxd5 Rxa2 22. b3 Nc7 23. Rd3 Ne6 24. Be3 Nc6 25. Rd7 Kf8 26. h4 Ra3 27. Rb7 Bd8
28. Bh3 Na5 29. Rb8 Ke7 30. b4 cxb4 31. Nd4 Bc7 32. Rc8 Bxe5 33. Nc2 Rc3 34.
Rxc3 Bxc3 35. Bxb6 Nc4 36. Ba7 b3 37. Ne3 Nxe3 38. Bxe3 Nc7 39. Bf5 Bb4 40. Kf1
Nb5 41. Bc1 Bc3 42. Bd3 Nd4 43. Be3 Nc6 44. Bc5+ Kf6 45. Be4 Ne5 46. Ke2 Nc4 47.
Bd3 b2 48. Kd1 Nd2 49. Be3 b1=Q+ 50. Bxb1 Nxb1 51. Kc2 Ke5 52. f3 Be1 53. Bf4+
Kd4 54. Kxb1 Kd3 55. h5 Ke2 56. Be5 Kxf3 57. Bxg7 Bd2 58. Kc2 Bg5 59. Be5 Kg4
60. Kd3 Kxh5 61. Ke2 Kg4 62. Kf2 Kh3 63. Kf3 h5 64. Bd4 Be7 65. Be5 Bd8 66. Kf2
Bb6+ 67. Kf3 Bg1 68. Bc3 Bh2 69. Be1 Bg1 70. Bc3 Bh2 71. Ke4 1/2-1/2

[Event "O2C Doeberl Cup 2014"]
[Site "Canberra AUS"]
[Date "2014.04.20"]
[Round "7.4"]
[White "Morris, James"]
[Black "Ly, Moulthun"]
[Result "1-0"]
[WhiteTitle "IM"]
[BlackTitle "IM"]
[WhiteElo "2377"]
[BlackElo "2440"]
[WhiteFideId "3205800"]
[BlackFideId "3204405"]
[EventDate "2014.04.17"]

1. Nf3 d5 2. g3 Nf6 3. Bg2 c6 4. O-O Bf5 5. b3 e6 6. Bb2 Nbd7 7. d3 Bc5 8. Nbd2
Qe7 9. a3 e5 10. e4 dxe4 11. dxe4 Nxe4 12. Nxe4 Bxe4 13. Nxe5 Bxg2 14. Kxg2 Nxe5
15. Bxe5 O-O 16. Re1 Qg5 17. Qf3 Qg6 18. b4 Bb6 19. c4 Bd8 20. Rad1 Re8 21. c5
h5 22. Bd6 Bf6 23. b5 Rec8 24. bxc6 bxc6 25. Be7 Re8 26. Bxf6 Qxf6 27. Qxh5 Rxe1
28. Rxe1 Rd8 29. Qf3 Qxf3+ 30. Kxf3 Rd5 31. Re8+ Kh7 32. Re7 a5 33. Rxf7 Rxc5
34. Kg4 Rc2 35. h4 Kg6 36. Rc7 a4 37. f4 Rc3 38. Ra7 Rxa3 39. Ra6 Kf7 40. Rxc6
Rb3 41. Ra6 a3 42. h5 Rc3 43. Kh4 Rf3 44. h6 gxh6 45. Rxh6 a2 46. Ra6 Rf2 47.
Kg5 Rb2 48. f5 Kf8 49. g4 Rc2 50. Ra7 Rb2 51. Kg6 1-0

[Event "O2C Doeberl Cup 2014"]
[Site "Canberra AUS"]
[Date "2014.04.20"]
[Round "7.5"]
[White "Brown, Andrew"]
[Black "Solomon, Stephen J."]
[Result "1-0"]
[WhiteTitle "IM"]
[BlackTitle "IM"]
[WhiteElo "2252"]
[BlackElo "2369"]
[WhiteFideId "3206513"]
[BlackFideId "3200043"]
[EventDate "2014.04.17"]

1. d4 d5 2. c4 e6 3. Nc3 Nf6 4. Nf3 Be7 5. Bf4 O-O 6. e3 Nbd7 7. cxd5 Nxd5 8.
Nxd5 exd5 9. Bd3 c5 10. O-O c4 11. Bc2 b5 12. b3 Nb6 13. Ne5 Bf6 14. bxc4 Nxc4
15. Qb1 g6 16. Qxb5 Na3 17. Qa4 Nxc2 18. Qxc2 Bf5 19. Nd3 Rc8 20. Qb3 Bxd3 21.
Qxd3 Qa5 22. h3 Rc3 23. Qd2 Rfc8 24. Rac1 Kg7 25. Rxc3 Rxc3 26. Rb1 h5 27. Bd6
Rc5 28. Qxa5 Rxa5 29. a3 Bd8 30. Rb8 Bb6 31. Be5+ f6 32. Rb7+ Kg8 33. Bd6 Rb5
34. Bb4 a6 35. g4 hxg4 36. hxg4 f5 37. gxf5 gxf5 38. Bc5 Ba5 39. Rd7 f4 40. exf4
Rb2 41. f5 Bb6 42. Rb7 Bxc5 43. Rxb2 Bxd4 44. Rd2 Bc5 45. Rxd5 Bxa3 46. Ra5 Bb4
47. Rxa6 Kf7 48. Kg2 Be1 49. f4 Bh4 50. Kf3 Bd8 51. Ke4 Bf6 52. Ra7+ Kf8 53. Kd5 1-0

[Event "O2C Doeberl Cup 2014"]
[Site "Canberra AUS"]
[Date "2014.04.20"]
[Round "7.6"]
[White "Li, Zuhao Luke"]
[Black "Mu, Ke"]
[Result "1/2-1/2"]
[WhiteTitle "FM"]
[WhiteElo "2326"]
[BlackElo "2325"]
[WhiteFideId "4303431"]
[BlackFideId "8602778"]
[EventDate "2014.04.17"]

1. d4 Nf6 2. c4 g6 3. Nc3 d5 4. Nf3 Bg7 5. Qb3 dxc4 6. Qxc4 O-O 7. e4 Be6 8. Qa4
Bd7 9. Qb3 c5 10. d5 Qb6 11. Qxb6 axb6 12. Bg5 e6 13. O-O-O exd5 14. Bxf6 Bxf6
15. Nxd5 Bd8 16. Ne5 Be6 17. a3 Nc6 18. Nc4 b5 19. Nce3 b4 20. axb4 Nxb4 21.
Nxb4 cxb4 22. Nd5 Ra1+ 23. Kd2 Ra2 24. Kc2 Bxd5 25. Rxd5 Ra1 26. g3 Bb6 1/2-1/2

[Event "O2C Doeberl Cup 2014"]
[Site "Canberra AUS"]
[Date "2014.04.20"]
[Round "7.7"]
[White "Cheng, Bobby"]
[Black "Zhai, Mo"]
[Result "1-0"]
[WhiteTitle "IM"]
[BlackTitle "WIM"]
[WhiteElo "2438"]
[BlackElo "2243"]
[WhiteFideId "4300033"]
[BlackFideId "8600201"]
[EventDate "2014.04.17"]

1. d4 Nf6 2. c4 e6 3. Nf3 d5 4. Nc3 Bb4 5. g3 dxc4 6. Bg2 c5 7. O-O Nc6 8. dxc5
Qxd1 9. Rxd1 Bxc5 10. Nd2 Na5 11. Nde4 Be7 12. Nd6+ Bxd6 13. Rxd6 Ke7 14. Rd1
Rd8 15. Be3 Rxd1+ 16. Rxd1 Bd7 17. Bc5+ Kd8 18. Nb5 Nd5 19. Bxd5 exd5 20. Rxd5
g6 21. Bxa7 Nc6 22. Bb6+ Ke7 23. Bc5+ Kd8 24. a3 Ra6 25. Nd6 Be6 26. Rd2 Kc7 27.
Nb5+ Kc8 28. Be3 Ra5 29. Nd6+ Kb8 30. Rc2 Ra4 31. f3 h5 32. Kf2 Ne7 33. Bf4 Nd5
34. Be5 f6 35. Bd4 Ne7 36. Bxf6 Nc6 37. e4 Kc7 38. Nb5+ Kb6 39. Nc3 Ra8 40. Nd5+
Bxd5 41. exd5 Na5 42. d6 Kc6 43. b4 Nb3 44. Rxc4+ Kxd6 45. Bb2 1-0

[Event "O2C Doeberl Cup 2014"]
[Site "Canberra AUS"]
[Date "2014.04.20"]
[Round "7.8"]
[White "Tao, Trevor"]
[Black "Smirnov, Anton"]
[Result "1/2-1/2"]
[WhiteTitle "IM"]
[BlackTitle "FM"]
[WhiteElo "2430"]
[BlackElo "2344"]
[WhiteFideId "3201961"]
[BlackFideId "3208923"]
[EventDate "2014.04.17"]

1. e4 c5 2. Nf3 d6 3. Bb5+ Bd7 4. Bxd7+ Qxd7 5. O-O Nf6 6. d3 Nc6 7. c4 g6 8.
Nc3 Bg7 9. Rb1 O-O 10. a3 a5 11. Bg5 e6 12. Qd2 Rfe8 13. Qf4 Nh5 14. Qh4 Ne5 15.
Ne1 f6 16. Be3 f5 17. exf5 exf5 18. Nd5 Qf7 19. Bg5 h6 20. Bd2 Nc6 21. Bc3 Nd4
22. Bxd4 cxd4 23. f4 Re2 24. Nf3 Rae8 25. Rfe1 Nf6 26. Nxf6+ Qxf6 27. Qxf6 Bxf6
28. Kf1 R2e3 29. h4 Kf7 30. Red1 Ke7 31. b4 a4 32. Rd2 Kd7 33. Kf2 b6 34. b5 Kc7
35. Rg1 Kd7 36. g3 Kd8 37. Rb1 Kd7 38. Rb4 Ra8 39. Rb1 1/2-1/2

[Event "O2C Doeberl Cup 2014"]
[Site "Canberra AUS"]
[Date "2014.04.20"]
[Round "7.9"]
[White "Dive, Russell John"]
[Black "Izzat, Kanan"]
[Result "0-1"]
[WhiteTitle "IM"]
[BlackTitle "FM"]
[WhiteElo "2357"]
[BlackElo "2383"]
[WhiteFideId "4300106"]
[BlackFideId "13405209"]
[EventDate "2014.04.17"]

1. c4 c6 2. Nf3 d5 3. b3 Qb6 4. Qc2 Nf6 5. g3 g6 6. cxd5 Bf5 7. d3 cxd5 8. Bb2
Bg7 9. Bg2 O-O 10. O-O Nc6 11. Nc3 Rac8 12. Rac1 Bh6 13. Rcd1 d4 14. Na4 Qa5 15.
Qc5 b5 16. Ne5 Nxe5 17. Qxe5 Ng4 18. Qxd4 e5 19. Qd5 Be6 20. Qf3 bxa4 21. h3 Rc2
22. Ba1 Rxa2 23. bxa4 Qxa4 24. hxg4 Bxg4 25. Qd5 Rxe2 26. Rb1 Bg7 27. Rb7 Be6
28. Qc5 a6 29. Ra7 Rc8 30. Qe7 Ra2 31. Bc3 Bf8 32. Qf6 Rxc3 0-1

[Event "O2C Doeberl Cup 2014"]
[Site "Canberra AUS"]
[Date "2014.04.20"]
[Round "7.11"]
[White "Illingworth, Max"]
[Black "Boyd, Tristan"]
[Result "1/2-1/2"]
[WhiteTitle "IM"]
[BlackTitle "FM"]
[WhiteElo "2447"]
[BlackElo "2267"]
[WhiteFideId "3205207"]
[BlackFideId "3203050"]
[EventDate "2014.04.17"]

1. e4 c5 2. Nf3 d6 3. Bb5+ Bd7 4. Bxd7+ Qxd7 5. O-O Nf6 6. Re1 Nc6 7. c3 e6 8.
d4 cxd4 9. cxd4 d5 10. e5 Ne4 11. Nbd2 Nxd2 12. Bxd2 Be7 13. Rc1 O-O 14. a3 Rac8
15. Rc3 f6 16. exf6 Bxf6 17. Bf4 Qf7 18. Bg3 Na5 19. Rce3 Nc4 20. R3e2 Rc6 21.
a4 Rfc8 22. h4 h6 23. b3 Nb6 24. Ne5 Bxe5 25. Rxe5 Nd7 26. R5e3 Nf6 27. Be5 Rc3
28. Bxf6 Rxe3 29. Rxe3 Qxf6 30. g3 Rc6 31. Qd2 Qf5 32. Rc3 Rxc3 33. Qxc3 1/2-1/2

[Event "O2C Doeberl Cup 2014"]
[Site "Canberra AUS"]
[Date "2014.04.20"]
[Round "7.13"]
[White "Johansen, Darryl K."]
[Black "Guo, Emma"]
[Result "1-0"]
[WhiteTitle "GM"]
[BlackTitle "WIM"]
[WhiteElo "2400"]
[BlackElo "2022"]
[WhiteFideId "3200035"]
[BlackFideId "3200795"]
[EventDate "2014.04.17"]

1. Nf3 Nf6 2. c4 c5 3. Nc3 Nc6 4. d4 cxd4 5. Nxd4 e6 6. a3 Qb6 7. e3 d5 8. cxd5
Nxd5 9. Na4 Qc7 10. Be2 Be7 11. e4 Nf6 12. Nxc6 Qxc6 13. Nc3 O-O 14. Qc2 b6 15.
O-O Bb7 16. Bf3 Qc7 17. Be3 Nd7 18. Rac1 Rac8 19. Rfd1 Ne5 20. Be2 Bf6 21. Qa4
Bc6 22. Nb5 Qb7 23. Qxa7 Bxe4 24. Qxb7 Bxb7 25. Bxb6 Ba6 26. a4 Rxc1 27. Rxc1
Nd7 28. Be3 Bxb2 29. Rc6 Nb8 30. Rb6 Rd8 31. g3 e5 32. Bc5 Bxb5 33. Bxb5 Bd4 34.
Rd6 Rxd6 35. Bxd6 Ba7 36. Bxe5 f6 37. Bf4 Kf7 38. Kf1 Ke7 39. Ke2 Nd7 40. Bxd7
Kxd7 41. Be3 Bb8 42. a5 Kc6 43. a6 Bd6 44. Kd3 g5 45. Ke4 h5 46. h3 1-0

[Event "O2C Doeberl Cup 2014"]
[Site "Canberra AUS"]
[Date "2014.04.20"]
[Round "7.21"]
[White "Qiu, Mengjie"]
[Black "Mungunkhuu, Mijgee"]
[Result "1-0"]
[WhiteTitle "WFM"]
[WhiteElo "2083"]
[BlackElo "2215"]
[WhiteFideId "8606137"]
[BlackFideId "4900863"]
[EventDate "2014.04.17"]

1. e4 c5 2. Nf3 d6 3. d4 cxd4 4. Nxd4 Nf6 5. Nc3 e6 6. Be2 a6 7. O-O Be7 8. Be3
O-O 9. a4 e5 10. Nb3 Be6 11. f4 Qc7 12. Nd5 Bxd5 13. exd5 Nbd7 14. c4 Rfd8 15.
Rc1 Rac8 16. Kh1 b6 17. a5 exf4 18. axb6 Nxb6 19. Bxf4 Nbd7 20. c5 Qa7 21. Na5
Ne5 22. cxd6 Bxd6 23. Bxe5 Bxe5 24. Nc6 Rxc6 25. Rxc6 Bxb2 26. Rxa6 Qc5 27. Bf3
Be5 28. Rc6 Qe7 29. Re1 Ne8 30. d6 Qg5 31. d7 Nf6 32. Rc8 1-0

[Event "O2C Doeberl Cup 2014"]
[Site "Canberra AUS"]
[Date "2014.04.20"]
[Round "8.2"]
[White "Vajda, Levente"]
[Black "Brown, Andrew"]
[Result "1-0"]
[WhiteTitle "GM"]
[BlackTitle "IM"]
[WhiteElo "2597"]
[BlackElo "2252"]
[WhiteFideId "1203975"]
[BlackFideId "3206513"]
[EventDate "2014.04.17"]

1. e4 c5 2. c3 Nf6 3. e5 Nd5 4. d4 cxd4 5. Nf3 Nc6 6. cxd4 d6 7. Bc4 dxe5 8.
dxe5 Ndb4 9. Qxd8+ Nxd8 10. Na3 Bg4 11. Bd2 Bxf3 12. gxf3 e6 13. Bc3 Rc8 14. Ke2
a6 15. Rac1 Ndc6 16. Rhd1 Be7 17. f4 g6 18. Nb1 Nb8 19. Bxb4 Bxb4 20. Bxa6 Ke7
21. Bxb7 Rxc1 22. Rxc1 Nd7 23. a3 Ba5 24. b4 Bb6 25. Nd2 h6 26. Bc8 Nc5 27. bxc5 1-0

[Event "O2C Doeberl Cup 2014"]
[Site "Canberra AUS"]
[Date "2014.04.20"]
[Round "8.3"]
[White "Ikeda, Junta"]
[Black "Morris, James"]
[Result "1/2-1/2"]
[WhiteTitle "FM"]
[BlackTitle "IM"]
[WhiteElo "2338"]
[BlackElo "2377"]
[WhiteFideId "3204731"]
[BlackFideId "3205800"]
[EventDate "2014.04.17"]

1. Nf3 Nf6 2. c4 g6 3. g3 Bg7 4. Bg2 O-O 5. O-O d5 6. d4 dxc4 7. Na3 c3 8. bxc3
c5 9. Bb2 Nc6 10. Nc4 Be6 11. Ncd2 cxd4 12. cxd4 Qb6 13. Nb3 Rfd8 14. e3 Bd5 15.
Nfd2 Bxg2 16. Kxg2 Qb5 17. a4 Qf5 18. Qb1 Qh5 19. e4 Rac8 20. Qd1 b6 21. Qxh5
Nxh5 22. Rac1 e6 23. Rc4 Ne7 24. Rfc1 Rxc4 25. Rxc4 Rc8 1/2-1/2

[Event "O2C Doeberl Cup 2014"]
[Site "Canberra AUS"]
[Date "2014.04.20"]
[Round "8.4"]
[White "Mu, Ke"]
[Black "Van Wely, Loek"]
[Result "1-0"]
[BlackTitle "GM"]
[WhiteElo "2325"]
[BlackElo "2685"]
[WhiteFideId "8602778"]
[BlackFideId "1000268"]
[EventDate "2014.04.17"]

1. d4 f5 2. Nf3 Nf6 3. g3 g6 4. Bg2 Bg7 5. O-O O-O 6. b3 d6 7. Bb2 Qe8 8. c4 Na6
9. Qc2 h6 10. Nc3 g5 11. a3 e5 12. dxe5 dxe5 13. Nd5 c6 14. Nxf6+ Bxf6 15. Bc3
e4 16. Nd4 Qe7 17. g4 fxg4 18. Qxe4 Qxe4 19. Bxe4 Nc5 20. Bc2 Bd7 21. Rad1 Rae8
22. Bb4 b6 23. e3 Rd8 24. Nf5 h5 25. Nd6 Rb8 26. Ne4 Bf5 27. Nxc5 Bxc2 28. Nd7
c5 29. Rc1 cxb4 30. Rxc2 bxa3 31. Nxb8 Rxb8 32. b4 Bb2 33. Rb1 Rc8 34. Rd1 Kf8
35. c5 Rc6 36. cxb6 Rxc2 37. bxa7 Rc8 38. b5 Ra8 39. b6 Be5 40. Ra1 Ke7 41. Rxa3
Bb8 42. Ra5 Kf6 43. Kg2 Kg6 44. h3 gxh3+ 45. Kxh3 Kf6 46. axb8=Q Rxb8 47. Rb5
Rb7 48. f4 g4+ 49. Kh4 Ke7 50. Rxh5 Rxb6 51. Rh7+ Kf8 52. Kxg4 1-0

[Event "O2C Doeberl Cup 2014"]
[Site "Canberra AUS"]
[Date "2014.04.20"]
[Round "8.5"]
[White "Izzat, Kanan"]
[Black "Zhao, Zong-Yuan"]
[Result "0-1"]
[WhiteTitle "FM"]
[BlackTitle "GM"]
[WhiteElo "2383"]
[BlackElo "2573"]
[WhiteFideId "13405209"]
[BlackFideId "3202534"]
[EventDate "2014.04.17"]

1. Nf3 d5 2. g3 g6 3. Bg2 Bg7 4. d4 Nf6 5. O-O O-O 6. c4 dxc4 7. Na3 c3 8. bxc3
c5 9. Nc4 Nc6 10. Nce5 Nxe5 11. Nxe5 Nd5 12. Qb3 Be6 13. Qa3 Nxc3 14. Qxc3 cxd4
15. Qf3 Bxe5 16. Rb1 Rb8 17. Rxb7 Rxb7 18. Qxb7 Qc7 19. Qxc7 Bxc7 20. Ba3 Bb6
21. Rc1 Kg7 22. Rc2 Kf6 23. Be4 Rc8 24. Rd2 Bh3 25. Bb2 e5 26. f4 d3+ 27. Kh1
Bd4 28. Ba3 dxe2 29. fxe5+ Bxe5 30. Rxe2 Rd8 31. Bc2 Be6 32. Bb3 Bd5+ 33. Bxd5
Rxd5 34. Kg2 Ra5 35. Bf8 Ke6 36. Kf3 f6 37. Rc2 h5 38. Bc5 Ra4 39. Bf2 Kf5 40.
Re2 Ra3+ 41. Kg2 a5 42. Bb6 g5 43. Rf2+ Ke6 44. Rd2 a4 45. Ba5 Re3 46. Kf2 Re4
47. Rc2 Kd5 48. Bb6 h4 49. Rc5+ Kd4 50. Rc6+ Kd3 51. Bd8 Re2+ 52. Kf1 Rxh2 53.
Bxf6 Bxg3 54. Rc3+ Kd2 55. Kg1 Rf2 56. Rc6 Rf5 57. Kg2 g4 58. Bxh4 Bxh4 59. Rc4
a3 0-1

[Event "O2C Doeberl Cup 2014"]
[Site "Canberra AUS"]
[Date "2014.04.20"]
[Round "8.7"]
[White "Solomon, Stephen J."]
[Black "Li, Zuhao Luke"]
[Result "1-0"]
[WhiteTitle "IM"]
[BlackTitle "FM"]
[WhiteElo "2369"]
[BlackElo "2326"]
[WhiteFideId "3200043"]
[BlackFideId "4303431"]
[EventDate "2014.04.17"]

1. d4 e6 2. e4 d5 3. Nd2 c5 4. exd5 exd5 5. Ngf3 Nc6 6. Bb5 Bd6 7. dxc5 Bxc5 8.
O-O Ne7 9. Nb3 Bd6 10. c3 O-O 11. Bg5 Qc7 12. Bh4 Bg4 13. Bg3 Bxg3 14. hxg3 Ne5
15. Re1 a6 16. Bd3 N7c6 17. Be2 Bxf3 18. gxf3 Rad8 19. f4 Nc4 20. Qc2 Qb6 21.
Bd3 g6 22. Re2 a5 23. Rae1 a4 24. Bxc4 dxc4 25. Nd2 Qa6 26. Qe4 b5 27. f5 Qb6
28. Qf4 Rd5 29. Re8 Qc5 30. Ne4 Rxe8 31. Nf6+ 1-0

[Event "O2C Doeberl Cup 2014"]
[Site "Canberra AUS"]
[Date "2014.04.20"]
[Round "8.8"]
[White "Ly, Moulthun"]
[Black "Boyd, Tristan"]
[Result "1-0"]
[WhiteTitle "IM"]
[BlackTitle "FM"]
[WhiteElo "2440"]
[BlackElo "2267"]
[WhiteFideId "3204405"]
[BlackFideId "3203050"]
[EventDate "2014.04.17"]

1. e4 c5 2. Nf3 d6 3. d4 cxd4 4. Qxd4 a6 5. h3 Nc6 6. Qe3 Nf6 7. c4 g6 8. Nc3
Bg7 9. Be2 O-O 10. O-O Nd7 11. Rb1 b6 12. b3 Bb7 13. Bb2 Rb8 14. Rfd1 Ba8 15.
Nd5 Nc5 16. Bxg7 Kxg7 17. e5 Nxe5 18. Nxe5 dxe5 19. Qxe5+ f6 20. Qe3 e5 21. Bg4
h5 22. b4 hxg4 23. bxc5 bxc5 24. Rxb8 Qxb8 25. hxg4 Qd6 26. g5 f5 27. Qe1 Rd8
28. Nc3 Qe7 29. Rxd8 Qxd8 30. Qxe5+ Kh7 31. Qe3 Kg7 32. Ne2 Qd1+ 33. Kh2 Qd6+
34. Nf4 Kf7 35. f3 Bb7 36. Kg1 Qd1+ 37. Kf2 Qc2+ 38. Qe2 Qxe2+ 39. Kxe2 a5 40.
Kd2 Bc6 41. Kc3 Be8 42. Nd3 Ke7 43. Nxc5 Kd6 44. Kd4 1-0

[Event "O2C Doeberl Cup 2014"]
[Site "Canberra AUS"]
[Date "2014.04.20"]
[Round "8.13"]
[White "Roy Chowdhury, Saptarshi"]
[Black "Morris, Michael"]
[Result "0-1"]
[WhiteTitle "GM"]
[WhiteElo "2491"]
[BlackElo "2156"]
[WhiteFideId "5002974"]
[BlackFideId "3205819"]
[EventDate "2014.04.17"]

1. e4 Nc6 2. Nf3 Nf6 3. Nc3 d5 4. e5 Nd7 5. d4 Nb6 6. h3 h6 7. Ne2 Bf5 8. Ng3
Bh7 9. c3 e6 10. Bd3 Bxd3 11. Qxd3 f5 12. Nh5 Qe7 13. Nf4 Qf7 14. h4 g6 15. a4
a5 16. b3 O-O-O 17. h5 g5 18. Ng6 Rg8 19. g4 Ne7 20. Bxg5 hxg5 21. Nxg5 Qe8 22.
Nxf8 Qxf8 23. Nxe6 Qh6 24. Nxd8 fxg4 25. Nf7 Qf4 26. e6 g3 27. Qe3 gxf2+ 28. Kd2
Nc4+ 0-1

[Event "O2C Doeberl Cup 2014"]
[Site "Canberra AUS"]
[Date "2014.04.21"]
[Round "9.2"]
[White "Zhao, Zong-Yuan"]
[Black "Vajda, Levente"]
[Result "0-1"]
[WhiteTitle "GM"]
[BlackTitle "GM"]
[WhiteElo "2573"]
[BlackElo "2597"]
[WhiteFideId "3202534"]
[BlackFideId "1203975"]
[EventDate "2014.04.17"]

1. d4 d5 2. c4 e6 3. Nf3 Nf6 4. g3 Bb4+ 5. Bd2 Be7 6. Bg2 O-O 7. O-O c6 8. Qc2
Nbd7 9. Bf4 b6 10. Rd1 Bb7 11. Nc3 Nh5 12. Bc1 f5 13. Ne5 Nhf6 14. Bf4 Nxe5 15.
dxe5 Nd7 16. e4 fxe4 17. Nxe4 Kh8 18. Bh3 Rxf4 19. gxf4 Nf8 20. f5 exf5 21. Bxf5
Qb8 22. cxd5 cxd5 23. Nd6 Bxd6 24. exd6 Qxd6 25. Rd4 Qf6 26. Rad1 Re8 27. Bg4
Re5 28. f4 Re8 29. Qf2 Re7 30. b3 Ng6 31. h3 h6 32. R1d2 Nh4 33. Kh2 g6 34. Re2
Rxe2 35. Bxe2 Nf5 36. Rd2 d4 37. Bf3 Ba6 38. Be2 Bb7 39. Bf3 Ba6 40. Bg2 Kh7 41.
Qf3 h5 42. Bf1 Nh4 43. Qf2 Bb7 44. Rd1 Nf3+ 45. Kh1 Qxf4 0-1

[Event "O2C Doeberl Cup 2014"]
[Site "Canberra AUS"]
[Date "2014.04.21"]
[Round "9.3"]
[White "Cheng, Bobby"]
[Black "Melkumyan, Hrant"]
[Result "0-1"]
[WhiteTitle "IM"]
[BlackTitle "GM"]
[WhiteElo "2438"]
[BlackElo "2633"]
[WhiteFideId "4300033"]
[BlackFideId "13302485"]
[EventDate "2014.04.17"]

1. d4 Nf6 2. c4 g6 3. g3 Bg7 4. Bg2 d5 5. cxd5 Nxd5 6. e4 Nb6 7. Ne2 c5 8. d5 e6
9. O-O exd5 10. exd5 O-O 11. Nec3 Bf5 12. g4 Bd7 13. Nd2 f5 14. gxf5 Bxf5 15.
Nde4 Na6 16. Ng5 Qd7 17. Ne6 Bxe6 18. dxe6 Qxe6 19. Bxb7 Rad8 20. Qb3 Nc7 21.
Re1 c4 22. Rxe6 cxb3 23. Re1 Bd4 24. Rf1 Nd7 25. Nd5 Nxd5 26. Bxd5+ Kg7 27. Bxb3
Ne5 28. Kg2 Nd3 29. Be3 Bxe3 30. fxe3 Rfe8 31. Rf7+ Kh6 32. Rf3 Ne5 33. Rh3+ Kg7
34. Rf1 h5 35. Rf2 Kh6 36. e4 Nd3 37. Rf1 Rxe4 38. Kg1 Nf4 39. Rhf3 g5 40. h4
Ne2+ 41. Kg2 Rg4+ 42. Kf2 Nf4 43. hxg5+ Kxg5 44. Re3 Nd3+ 45. Ke2 Rg2+ 46. Kf3
Rxb2 47. Rg1+ Kf5 48. Rf1 Rd4 49. Re7 Rf4+ 50. Ke3 Rxf1 51. Rf7+ Kg5 52. Rxf1
Ne5 53. Be6 Ng4+ 54. Kd4 Re2 55. Bc4 Re7 56. Bd3 Rd7+ 57. Kc3 Rd5 58. Be2 Ra5
59. Kb3 Re5 60. Bd1 Rd5 61. Be2 Rd2 62. Bxg4 hxg4 63. Rf7 a5 64. Ra7 Rd5 65. Kc4
Rf5 66. Kd3 Kf4 67. Ke2 Kg3 68. Ke3 Rf3+ 69. Ke4 Rf4+ 70. Ke3 Ra4 71. Rg7 Rxa2
72. Rg8 a4 73. Rg7 a3 74. Kd3 Rf2 75. Ra7 a2 76. Ke3 Kg2 77. Ra6 g3 78. Ra7 Kg1
79. Ra6 g2 80. Rh6 a1=Q 81. Rh1+ 0-1

[Event "O2C Doeberl Cup 2014"]
[Site "Canberra AUS"]
[Date "2014.04.21"]
[Round "9.4"]
[White "Morris, James"]
[Black "Mu, Ke"]
[Result "0-1"]
[WhiteTitle "IM"]
[WhiteElo "2377"]
[BlackElo "2325"]
[WhiteFideId "3205800"]
[BlackFideId "8602778"]
[EventDate "2014.04.17"]

1. c4 Nf6 2. g3 g6 3. Bg2 d5 4. cxd5 Nxd5 5. Nc3 Nxc3 6. bxc3 Bg7 7. Nf3 O-O 8.
O-O c5 9. Rb1 Nc6 10. c4 b6 11. d3 Bb7 12. Bd2 Qc7 13. Qb3 Rab8 14. Bc3 Rfe8 15.
e3 Rbd8 16. Rfd1 Bc8 17. Rbc1 Ne5 18. Nxe5 Bxe5 19. d4 cxd4 20. exd4 Bg7 21. c5
Bg4 22. Rd2 bxc5 23. Qc4 Rc8 24. Bb4 Be6 25. d5 Bf5 26. Bxc5 Qa5 27. Rdd1 Bb2 0-1